00550 2200193 4500001002100000005001700021008004100038035002400079082001400103090002100117100001000138245005200148260008000200300002000280650002000300990001200320990001200332990001200344YOGYA-0712000000025620120723183323.0 ind  0010-071200000000256 a899.21211 a899.21211bJam S aJAMIN aSyair anggun eik tunggalcoleh jamin dan Tasat. aJakartabProyek Penerbitan buku bacaan dan Satra Indonesia dan daerahc1978 a207 hlm.c20 cm aPuisi indonesia a22401-a a24401-a a24401-a